LEADER 00648nam2 22002171i 450 001 990002243590403321 035 $a000224359 035 $aFED01000224359 035 $a(Aleph)000224359FED01 035 $a000224359 100 $a20030801d--------km-y0itay50------ba 200 1 $aFunctionalized calixarenes$enewapplications as catalysts, ligands,and host molecules. Dordrecht, copyr.1991, p. 173-198. 463 0$1001000222311 701 1$aShinkai,$bSeiji$092699 801 0$aIT$bUNINA$gRICA$2UNIMARC 901 $aBK 912 $a990002243590403321 959 $aFFABC 996 $aFunctionalized calixarenes$9398404 997 $aUNINA DB $aING01 LEADER 00898nam--2200313---450 001 990001562440203316 005 20200422095040.0 010 $a0-333-44340-3 035 $a000156244 035 $aUSA01000156244 035 $a(ALEPH)000156244USA01 035 $a000156244 100 $a20040414d1989----km-y0itay0103----ba 101 0 $aeng 102 $aGB 105 $a||||||||001yy 200 1 $aHoward Barker politics and desire$ean expository study of his Drama and poetry, 1969-87$fDavid Ian Rabey 210 $aLondon$cMacmillan$d1989 215 $a298 p.$d24 cm 606 0 $aLetteratura inglese 676 $a828.91409 700 1$aRABEY,$bDavid Ian$0560473 801 0$aIT$bsalbc$gISBD 912 $a990001562440203316 951 $aXVII A. 889$b5643 DLAS$cXVII A.$d00347596 959 $aBK 969 $aCAS 996 $aHoward Barker politics and desire$9937689 997 $aUNISA LEADER 01303nam--2200397---450- 001 990001980400203316 005 20050524182723.0 035 $a000198040 035 $aUSA01000198040 035 $a(ALEPH)000198040USA01 035 $a000198040 100 $a20040903d1972----km-y0itay0103----ba 101 0 $aita 102 $aIT 105 $aa|||||||001yy 200 1 $aBorgo, quartiere, citta$eindagine socio-antropologica sul quartiere di San Carlo nel centro storico di Bologna$fTullio Tentori, Paolo Guidicini$g126 fotografie di Fernando Scianna e Giampaolo Avanzi 210 $aMilano$cAngeli$d1972 215 $a148 p.$cill.$d22 cm 225 2 $aPrisma$v3 300 $aIn testa al front.: Istituto per la storia di Bologna 410 0$12001$aPrisma$v3 454 1$12001 461 1$1001-------$12001 700 1$aTENTORI,$bTullio$034986 701 1$aGUIDICINI,$bPaolo$0440398 702 1$aSCIANNA,$bFerdinando 702 1$aAVANZI,$bGiampaolo 801 0$aIT$bsalbc$gISBD 912 $a990001980400203316 951 $aII.5. 1986(VI soc F Coll 10/3)$b68998 L.M.$cVI soc F Coll 959 $aBK 969 $aUMA 979 $aSIAV6$b10$c20040903$lUSA01$h1620 979 $aCOPAT6$b90$c20050524$lUSA01$h1827 996 $aBorgo, quartiere, citta$91047020 997 $aUNISA